Statistics for Suck It And See Tracklist (Arctic Monkeys)

Click here to take the quiz!

General Stats

  • This quiz has been taken 75 times
  • The average score is 9 of 12

Answer Stats

HintAnswer% Correct
11Suck It And See
97%
2Black Treacle
95%
1She's Thunderstorms
90%
10Love Is A Laserquest
81%
9Piledriver Waltz
81%
12That's Where You're Wrong
79%
7All My Own Stunts
76%
6Library Pictures
72%
3Brick By Brick
71%
5Don't Sit Down 'Cause Iv'e Moved Your Chair
69%
8Reckless Serenade
67%
4The Hellcat Spangled Shalalala
67%

Score Distribution

Percentile by Number Answered

Percent of People with Each Score

Your Score History

You have not taken this quiz